000 00646nam a2200253Ia 4500
005 20260121161227.0
008 008 260114s9999 xx 000 0 eng d
020 _a9781003102915
037 _aEBOOK
040 _aCRL
040 _beng
040 _cCRL
041 _2eng
041 _aeng
084 _qCRL
100 _aAnne-Marie Callus; Angharad E. Beckett
_91041776
245 4 _aThe Lives of Children and Adolescents with Disabilities:
260 _bTaylor and Francis
260 _c2024
856 _uhttp://www.taylorfrancis.com/books/9781003102915
942 _cEBOOK
999 _c1608592
_d1608592